000
00189 a2200097 4500
001
42652
100
_a
Hart
245
_a
the tanks
260
_a
London
_b
Cassell
_c
090
_c
26548
_d
26548
942
_a
NUST-CAE
_c
M
_c
18389
999
_c
277725
_d
277725